Cadbury chocolate bars - Statistics

General Stats
  • This quiz has been taken 83 times
  • The average score is 6 of 8
Answer Stats
Picture Answer % Correct
Flake
94%
Crunchie
91%
Twirl
83%
Wispa
81%
Double decker
70%
Picnic
59%
Fudge
56%
Daim
23%
No matching quizzes found
Score Distribution
Percent of People with Each Score
Percentile by Number Answered
Your Score History
You have not taken this quiz